000 03434naa2a2200397 i 4500
001 RU\NLR\bibl\722685
005 20240726211150.0
021 _aRU
_b95-4572
029 1 0 _aRU
_b227-6-94
_cГОСТ Р МЭК
035 _a(NLR Aleph) 000713188
090 _a656076
_c656076
100 _a20050218d1995 k y0rusy50 ca
101 0 _arus
102 _aRU
105 _aa l 000|y
181 0 _ai
_baxxe
182 0 _an
200 1 _aКабели с поливинилхлоридной изоляцией на номинальное напряжение до 450/750 В включительно
_iЛифтовые кабели и кабели для гибких соединений
_dPolyvinyl chloride insulated cables of rated voltages up to and including 450/750 V. Lift cables and cables for flexible connections
_zeng
_eГОСТ Р МЭК 227-6-94
203 _aТекст
_bвизуальный
_cнепосредственный
205 _aИзд. офиц.
215 _a93-107 с.
_cил.
_d29
300 _aЗаменен на ГОСТ Р МЭК 60227-6-2002
327 1 _aВ сборнике ГОСТ Р МЭК 227-1-94 и др.
442 0 _1001RU\NLR\bibl\454751
_12001#$aКабели с поливинилхлоридной изоляцией на номинальное напряжение до 450/750 В включительно
_9871460
_cМосква
_d2002
_eИзд. офиц.
_fРазработан Техническим комитетом по стандартизации ТК 46 "Кабельные изделия" при ОАО Всероссийский научно-исследовательский, проектно-конструкторский и технологический институт кабельной промышленности (ОАО ВНИИКП)
_iЛифтовые кабели и кабели для гибких соединений
_lPolyvinyl chloride insulated cables of rated voltages up to and including 450/750 V. Lift cables and cables for flexible connections
_nИзд-во стандартов
_oГОСТ Р МЭК 60227-6-2002
_pIV, 12 с.
_tКабели с поливинилхлоридной изоляцией на номинальное напряжение до 450/750 В включительно
463 0 _1001RU\NLR\bibl\722679
_12000#$aКабели с поливинилхлоридной изоляцией на номинальное напряжение до 450/750 В включительно
_9656040
_cМосква
_d1995
_eИзд. офиц.
_fРазработан Техническим комитетом ТК 46 "Кабельные изделия"
_lPolyvinyl chloride insulated cables of rated voltages up to and including 450/750 V
_nИзд-во стандартов
_oГОСТ Р МЭК 227-1-94 и др.
_p107 с.
_tКабели с поливинилхлоридной изоляцией на номинальное напряжение до 450/750 В включительно
510 1 _aLift cables and cables for flexible connections
_zeng
510 1 _aPolyvinyl chloride insulated cables of rated voltages up to and including 450/750 V
_zeng
517 1 _aГОСТ Р МЭК 227-6-94
686 _aЕ46
_v1941
_2oks
801 0 _aRU
_bNLR
_c20050218
_gPSBO
801 1 _aRU
_bNLR
_c20050218
_2ntd_isis
801 2 _aRU
_bNLR
_c20050218
_gPSBO
_2rusmarc
852 _aNLR
_jПт
942 _cBOOK